[Event "Indonesia Open 2013"]
[Site "Jakarta INA"]
[Date "2013.10.11"]
[Round "2.44"]
[White "Bachtiar, Ahmad Ina"]
[Black "Hamdani, Rudin"]
[Result "1/2-1/2"]
[BlackTitle "FM"]
[WhiteElo "2219"]
[BlackElo "2339"]
[WhiteFideId "7102682"]
[BlackFideId "7100213"]
[EventDate "2013.10.10"]

1. e4 c5 2. Nf3 e6 3. d4 cxd4 4. Nxd4 a6 5. Bd3 Qc7 6. O-O Nf6 7. Re1 d6 8. b3
Be7 9. Bb2 Nbd7 10. Nd2 O-O 11. f4 b5 12. a4 bxa4 13. Rxa4 Nc5 14. Rc4 Qb6 15.
Kh1 Bb7 16. e5 Nd5 17. Qg4 dxe5 18. fxe5 f5 19. exf6 Nxf6 20. Qh3 Nxd3 21. cxd3
Bd5 22. Rc6 Qb7 23. Rcxe6 Bb4 24. R6e2 Rae8 25. Rxe8 Nxe8 26. Bc1 Qb6 27. Qh4
Qa5 28. N4f3 h6 29. Rd1 Nd6 30. Qg4 Nf5 31. Nc4 Qa2 32. Nce5 Qxb3 33. Rg1 Bc5
34. d4 Ba3 35. Bxa3 Qxa3 36. Nd7 Ne3 37. Qh5 Rf5 38. Qe8+ Kh7 39. Nh4 Rf2 40.
Qg6+ Kg8 41. Qe8+ Kh7 42. Qg6+ 1/2-1/2

[Event "Indonesia Open 2013"]
[Site "Jakarta INA"]
[Date "2013.10.11"]
[Round "2.45"]
[White "Suradiradja, Herman"]
[Black "Saduakassova, Dinara"]
[Result "0-1"]
[WhiteTitle "GM"]
[BlackTitle "WGM"]
[WhiteElo "2215"]
[BlackElo "2335"]
[WhiteFideId "7100167"]
[BlackFideId "13700090"]
[EventDate "2013.10.10"]

1. e4 c5 2. Nf3 d6 3. d4 Nf6 4. dxc5 Qa5+ 5. Bd2 Qxc5 6. Bd3 g6 7. O-O Bg7 8. c4
Bg4 9. Nc3 Nbd7 10. Be3 Qc8 11. h3 Bxf3 12. Qxf3 Ne5 13. Qe2 Nfd7 14. f4 Nxd3
15. Qxd3 O-O 16. Rac1 Nc5 17. Qb1 Bxc3 18. Rxc3 Qc6 19. e5 Ne4 20. Rd3 Ng3 21.
Rf3 Nf5 22. exd6 exd6 23. b3 Nh4 24. Rf2 Rfe8 25. Qd1 Nf5 26. Qf3 Qe4 27. Qxe4
Rxe4 28. Bd2 Rae8 29. g4 Nd4 30. f5 gxf5 31. gxf5 f6 32. Kf1 Kf7 33. Bc3 Ne2 34.
Bb4 Nd4 35. Bxd6 Re1+ 36. Kg2 Rg8+ 37. Rg3 Rxg3+ 38. Kxg3 Rd1 39. Bc5 Nc6 40.
Kg2 a6 41. Be3 Re1 42. Bd2 Rd1 43. Bc3 Ne7 44. a3 Rb1 45. b4 Rc1 46. Rf3 Rc2+
47. Kg3 Nxf5+ 48. Kg4 Kg6 49. Rxf5 Rxc3 50. Rc5 Rxa3 51. h4 Ra4 52. h5+ Kh6 53.
Kf5 Rxb4 54. Kxf6 Rb6+ 55. Ke5 Rc6 56. Kd4 Rxc5 57. Kxc5 b5 58. cxb5 axb5 59.
Kxb5 Kxh5 60. Kc4 Kg4 0-1

[Event "Indonesia Open 2013"]
[Site "Jakarta INA"]
[Date "2013.10.11"]
[Round "2.46"]
[White "Pradeep, Kumar R.A."]
[Black "Sucipto, Haryadi"]
[Result "1-0"]
[WhiteElo "2331"]
[BlackElo "2219"]
[WhiteFideId "5023181"]
[BlackFideId "7100779"]
[EventDate "2013.10.10"]

1. Nf3 d5 2. c4 d4 3. b4 a5 4. b5 c5 5. e3 f6 6. exd4 cxd4 7. Bd3 Nd7 8. Qc2 e5
9. Bg6+ hxg6 10. Qxg6+ Ke7 11. Ba3+ Nc5 12. Bxc5+ Kd7 13. Nxe5+ fxe5 14. Qf5+
Kc7 15. Qxe5+ Kd7 16. Qf5+ Kc7 17. Qe5+ Kd7 18. Qxd4+ Ke8 19. Qxd8+ Kxd8 20.
Bxf8 Rh7 21. O-O Bf5 22. d4 Kd7 23. Ba3 Bd3 24. Rc1 Nf6 25. Nd2 Rah8 26. h3 Kc8
27. Rc3 Bf5 28. Rac1 1-0

[Event "Indonesia Open 2013"]
[Site "Jakarta INA"]
[Date "2013.10.11"]
[Round "2.48"]
[White "Tirto"]
[Black "Marentek, Hanny"]
[Result "1-0"]
[WhiteTitle "IM"]
[BlackTitle "FM"]
[WhiteElo "2328"]
[BlackElo "2208"]
[WhiteFideId "7101058"]
[BlackFideId "7100825"]
[EventDate "2013.10.10"]

1. d4 d5 2. c4 c6 3. Nf3 Nf6 4. e3 Bf5 5. Nc3 e6 6. Nh4 Bg6 7. g3 Be7 8. Be2
Nbd7 9. O-O O-O 10. Nxg6 hxg6 11. Qb3 Qc7 12. Bf3 Rfc8 13. Re1 dxc4 14. Qxc4 c5
15. Bd2 a6 16. Rac1 cxd4 17. Qxc7 Rxc7 18. exd4 Bd6 19. Na4 Rxc1 20. Rxc1 Rb8
21. Nc5 Bxc5 22. dxc5 Ne5 23. Bg2 Nd5 24. Rd1 Nc6 25. a3 Rd8 26. Bc1 Kf8 27. b4
Nc3 28. Rxd8+ Nxd8 29. Bb2 Nd5 30. Kf1 f6 31. Ke2 g5 32. Kd3 Ke7 33. Kc4 b5+ 34.
cxb6 Nxb6+ 35. Kd3 Kd6 36. Bf1 a5 37. bxa5 Nd7 38. Kc4 Nc6 39. Bc3 Ne7 40. Kb5
Kc7 41. h3 Ne5 42. Kc5 Nd7+ 43. Kc4 Nc6 44. Bg2 Ndb8 45. Kc5 Nd7+ 46. Kb5 Na7+
47. Kc4 Nc6 48. Bb4 Na7 49. Kc3 Nb8 50. Bc5 Nac6 51. Be3 Na6 52. Kc4 Ncb8 1-0

[Event "Indonesia Open 2013"]
[Site "Jakarta INA"]
[Date "2013.10.11"]
[Round "2.49"]
[White "Bersamina, Paulo"]
[Black "Purba, Cornelis"]
[Result "1-0"]
[WhiteTitle "FM"]
[WhiteElo "2310"]
[BlackElo "2193"]
[WhiteFideId "5206995"]
[BlackFideId "7101740"]
[EventDate "2013.10.10"]

1. e4 d6 2. d4 Nf6 3. Nc3 g6 4. Be3 Bg7 5. f3 c6 6. Qd2 h5 7. O-O-O b5 8. Nge2
Qa5 9. a3 Nbd7 10. Nf4 a6 11. Kb1 Qc7 12. Be2 Rb8 13. g4 hxg4 14. fxg4 e5 15. g5
Nh7 16. dxe5 dxe5 17. Nd3 a5 18. b4 Nhf8 19. Nc5 Rh3 20. Bf1 Rxe3 21. Qxe3 Qa7
22. Rd6 axb4 23. axb4 Ra8 24. Kc1 Qa3+ 25. Kd2 Qxb4 26. Rxc6 Rb8 27. Bxb5 Kd8
28. Bd3 Nxc5 29. Rxc5 Qa3 30. Rb1 Rxb1 31. Nxb1 Qb4+ 32. Nc3 Nd7 33. Rc4 Qa3 34.
Qf2 f6 35. gxf6 Bxf6 36. Nd5 Bg5+ 37. Ke2 Qc1 38. Qf7 Qd2+ 39. Kf1 Qd1+ 40. Kg2
Qg4+ 41. Kh1 Nb6 42. Qf8+ 1-0

[Event "Indonesia Open 2013"]
[Site "Jakarta INA"]
[Date "2013.10.11"]
[Round "2.51"]
[White "Khairul, Anam"]
[Black "Azarya, Jodi Setyaki"]
[Result "1/2-1/2"]
[WhiteTitle "FM"]
[BlackTitle "CM"]
[WhiteElo "2301"]
[BlackElo "2126"]
[WhiteFideId "7102429"]
[BlackFideId "7101589"]
[EventDate "2013.10.10"]

1. d4 Nf6 2. c4 g6 3. Nc3 Bg7 4. e4 d6 5. f3 O-O 6. Be3 e5 7. Nge2 c6 8. Qd2
Nbd7 9. d5 cxd5 10. cxd5 a6 11. g4 h5 12. g5 Nh7 13. Rg1 b5 14. O-O-O Nb6 15. b3
b4 16. Nb1 a5 17. Kb2 Bd7 18. Nc1 f5 19. gxf6 Rxf6 20. Qf2 Rb8 21. Rg3 Qc7 22.
h4 Nf8 23. Rd2 a4 24. Rc2 Qa7 25. Nd3 Qa5 26. Kc1 Rf7 27. Bd2 axb3 28. axb3 Nc8
29. Qe1 Qd8 30. Nxb4 Qxh4 31. Bc4 Bh6 32. Bxh6 Rxf3 33. Nc6 Rxg3 34. Nxb8 Qg4
35. Kb2 Nb6 36. Qf2 Nxc4+ 37. bxc4 Rf3 38. Qa7 Rf7 39. Bxf8 Kxf8 40. Qc7 Ba4 41.
Qxd6+ Kg8 42. Nc3 Rb7+ 43. Nb5 Bxc2 44. Kxc2 Qxe4+ 45. Kc3 Qe3+ 46. Kc2 Qe4+ 47.
Kc3 1/2-1/2

[Event "Indonesia Open 2013"]
[Site "Jakarta INA"]
[Date "2013.10.11"]
[Round "2.52"]
[White "Capitelli, Paolo"]
[Black "Hakiki, Kaisar Jenius"]
[Result "0-1"]
[BlackTitle "FM"]
[WhiteElo "2089"]
[BlackElo "2299"]
[WhiteFideId "809330"]
[BlackFideId "7102097"]
[EventDate "2013.10.10"]

1. e4 c5 2. Nf3 d6 3. d4 cxd4 4. Nxd4 Nf6 5. Nc3 e6 6. Be2 a6 7. O-O Qc7 8. f4
b5 9. Bf3 Bb7 10. e5 dxe5 11. fxe5 Nfd7 12. Bxb7 Qxb7 13. Nf3 b4 14. Ne2 Nc6 15.
Bf4 Bc5+ 16. Kh1 O-O 17. Ng3 Rfd8 18. Qe1 Ne7 19. Ne4 Nd5 20. Bg5 Rdc8 21. Qg3
Ne7 22. Qg4 Ng6 23. Nxc5 Rxc5 24. Rac1 Ndxe5 25. Nxe5 Rxe5 26. h4 Qb5 27. Rcd1
Rd5 28. Rde1 Rc8 29. Rf2 h6 30. Rxf7 Re5 31. Rxg7+ Kxg7 32. Be3 h5 33. Qd4 Kg8
34. Qa7 Rf8 35. Rd1 Re4 36. Bd4 Rf1+ 37. Rxf1 Qxf1+ 0-1

[Event "Indonesia Open 2013"]
[Site "Jakarta INA"]
[Date "2013.10.11"]
[Round "2.53"]
[White "Emperado, Emmanuel"]
[Black "Brokko, Margit"]
[Result "1-0"]
[BlackTitle "WFM"]
[WhiteElo "2297"]
[BlackElo "2073"]
[WhiteFideId "5209960"]
[BlackFideId "4501098"]
[EventDate "2013.10.10"]

1. e4 d6 2. d4 Nf6 3. Nc3 g6 4. Be3 Bg7 5. h3 O-O 6. Nf3 Nbd7 7. a4 b6 8. a5
bxa5 9. Rxa5 c5 10. Ra3 cxd4 11. Bxd4 Bb7 12. Ba6 Qc8 13. Bxb7 Qxb7 14. O-O Nc5
15. e5 Nfe4 16. exd6 exd6 17. Bxg7 Kxg7 18. Qd4+ Kg8 19. Nd5 f5 20. Nf4 a5 21.
b3 Qb4 22. Rfa1 Qb5 23. b4 Nb7 24. Qd5+ Qxd5 25. Nxd5 Kf7 26. bxa5 Ra6 27. Nb4
Raa8 28. a6 Nbc5 29. a7 Rfc8 30. Nd5 Nd7 31. Nd4 Nef6 32. Nb5 Rxc2 33. Ndc7 Nb6
34. Ra6 Nfd7 35. Nxa8 Nxa8 36. Rxd6 Ke7 37. Re1+ 1-0

[Event "Indonesia Open 2013"]
[Site "Jakarta INA"]
[Date "2013.10.11"]
[Round "2.54"]
[White "Lim, Kian Hwa"]
[Black "Situru, Muhammad Ivan"]
[Result "0-1"]
[BlackTitle "IM"]
[WhiteElo "1902"]
[BlackElo "2290"]
[WhiteFideId "5700744"]
[BlackFideId "7100426"]
[EventDate "2013.10.10"]

1. e4 c5 2. Nc3 Nc6 3. g3 g6 4. Bg2 Bg7 5. d3 Rb8 6. Be3 Nd4 7. Qd2 b5 8. Nd1 d6
9. c3 Nc6 10. Ne2 Nf6 11. h3 b4 12. Bh6 Bxh6 13. Qxh6 bxc3 14. bxc3 Qa5 15. O-O
Qa6 16. Nc1 Bd7 17. f4 e6 18. g4 Ke7 19. Ne3 Rbg8 20. Nc4 Ne8 21. Nb3 Qc8 22. e5
d5 23. Qg5+ Kf8 24. Qh6+ Rg7 25. Ne3 Ne7 26. d4 cxd4 27. cxd4 Qc3 28. Rf3 Qb4
29. Rc1 Ba4 30. f5 Ng8 31. Qh4 gxf5 32. gxf5 Bxb3 33. axb3 exf5 34. Rcf1 Qe7 35.
Qf2 Nh6 36. Nxd5 Qd8 37. Nf4 Rhg8 38. d5 Rxg2+ 39. Nxg2 Qxd5 40. Qe3 Rg6 41. Kh1
Rb6 42. Nf4 Qe4 43. Nh5 Qxe3 44. Rxe3 Ke7 45. Nf4 Rb5 46. Ne2 Rd5 47. Ra1 a5 48.
Nf4 Rb5 49. e6 Nf6 50. Rd1 Rb7 51. exf7+ Ne4 52. Rd5 Ra7 53. Nd3 Kxf7 54. Nc5
Nf6 55. Nd3 Nxd5 56. Rf3 Re7 57. Nf4 Nxf4 58. Rxf4 Re4 59. Rf3 Kf6 60. Rc3 Rb4
61. Kg2 Nf7 62. Rc5 Rxb3 63. Rxa5 Ne5 64. Ra6+ Kg5 65. h4+ Kg4 66. Rh6 Rb2+ 67.
Kf1 Nd3 68. Rxh7 Kf3 69. Kg1 Rb1+ 70. Kh2 Nf2 0-1

[Event "Indonesia Open 2013"]
[Site "Jakarta INA"]
[Date "2013.10.12"]
[Round "3.1"]
[White "Vaibhav, Suri"]
[Black "Moiseenko, Alexander"]
[Result "1/2-1/2"]
[WhiteTitle "GM"]
[BlackTitle "GM"]
[WhiteElo "2527"]
[BlackElo "2703"]
[WhiteFideId "5045185"]
[BlackFideId "14102560"]
[EventDate "2013.10.10"]

1. d4 Nf6 2. c4 e6 3. Nf3 d5 4. g3 dxc4 5. Qa4+ c6 6. Qxc4 b5 7. Qc2 Bb7 8. Bg2
Nbd7 9. a4 c5 10. O-O b4 11. Rd1 Rc8 12. Nbd2 cxd4 13. Qd3 Bxf3 14. Nxf3 e5 15.
Qb5 Be7 16. e3 Rb8 17. Qc4 Rc8 18. Qb5 Rb8 19. Qa6 d3 20. e4 Nc5 21. Qc4 Nfd7
22. Be3 Nb6 23. Qb5+ Nbd7 24. Qc4 Nb6 25. Qb5+ Nbd7 26. Qc4 Nb6 27. Qb5+ Nbd7 1/2-1/2

[Event "Indonesia Open 2013"]
[Site "Jakarta INA"]
[Date "2013.10.12"]
[Round "3.2"]
[White "Short, Nigel D"]
[Black "Malakhatko, Vadim"]
[Result "1/2-1/2"]
[WhiteTitle "GM"]
[BlackTitle "GM"]
[WhiteElo "2684"]
[BlackElo "2519"]
[WhiteFideId "400025"]
[BlackFideId "14104202"]
[EventDate "2013.10.10"]

1. e4 c5 2. Nf3 e6 3. b3 b6 4. Bb2 Bb7 5. Nc3 a6 6. Qe2 b5 7. h4 d6 8. d4 cxd4
9. Nxd4 b4 10. Na4 Nf6 11. f3 Nbd7 12. O-O-O Qc7 13. g4 Nc5 14. Nxc5 dxc5 15. g5
Nh5 16. Nf5 exf5 17. exf5+ Be7 18. Be5 Qc6 19. Bg2 O-O 20. f6 Nxf6 21. gxf6 Bxf6
22. Rd6 Qe8 23. Re1 Bxe5 24. Qxe5 Rd8 25. Qxe8 Rfxe8 26. Rxe8+ Rxe8 27. Rb6 Bd5
28. Rxa6 g6 29. Kd2 Rd8 30. Ke1 Re8+ 31. Kd2 Rd8 1/2-1/2

[Event "Indonesia Open 2013"]
[Site "Jakarta INA"]
[Date "2013.10.12"]
[Round "3.4"]
[White "Gundavaa, Bayarsaikhan"]
[Black "Ganguly, Surya Shekhar"]
[Result "1/2-1/2"]
[WhiteTitle "GM"]
[BlackTitle "GM"]
[WhiteElo "2500"]
[BlackElo "2639"]
[WhiteFideId "4901045"]
[BlackFideId "5002150"]
[EventDate "2013.10.10"]

1. d4 Nf6 2. c4 g6 3. Nc3 d5 4. Bf4 Bg7 5. e3 O-O 6. Rc1 Be6 7. Qb3 c5 8. Qxb7
Qb6 9. Qxb6 axb6 10. Nf3 dxc4 11. dxc5 bxc5 12. Nd2 Nd5 13. Bxc4 Bxc3 14. bxc3
Nxf4 15. exf4 Bxc4 16. Nxc4 Rxa2 17. g3 Nd7 18. O-O Nf6 19. Ra1 Rfa8 20. Rxa2
Rxa2 21. Re1 Nd5 22. Re5 e6 23. Nd6 Ra6 24. Nb7 c4 25. Re4 Rc6 26. Na5 Rc5 27.
Nb7 Rc6 28. Na5 Rc5 29. Nb7 Rc7 30. Nd6 Rc6 31. Nxc4 Nxc3 32. Ne5 Nxe4 33. Nxc6 1/2-1/2

[Event "Indonesia Open 2013"]
[Site "Jakarta INA"]
[Date "2013.10.12"]
[Round "3.5"]
[White "Laylo, Darwin"]
[Black "Ivanisevic, Ivan"]
[Result "0-1"]
[WhiteTitle "GM"]
[BlackTitle "GM"]
[WhiteElo "2497"]
[BlackElo "2632"]
[WhiteFideId "5201330"]
[BlackFideId "912417"]
[EventDate "2013.10.10"]

1. d4 Nf6 2. Nf3 c5 3. d5 g6 4. c4 b5 5. Qc2 b4 6. e4 Bg7 7. Nbd2 O-O 8. Bd3 d6
9. O-O a5 10. Rb1 e5 11. Ne1 Nh5 12. g3 f5 13. exf5 gxf5 14. Ng2 Ra7 15. Be2 Qe8
16. Nf3 Kh8 17. Ng5 Bf6 18. Bd2 Ng7 19. Rbe1 Re7 20. f3 Bd7 21. Nh3 Rg8 22. Bg5
Qg6 23. Bxf6 Qxf6 24. f4 e4 25. Ne3 Be8 26. Rf2 Nd7 27. Rg2 Nf8 28. Rd1 Ng6 29.
Rd2 a4 30. Qd1 a3 31. b3 Bd7 32. Kf2 Ne8 33. Rg1 Reg7 34. Qa1 Qe7 35. Rdd1 h6
36. Rg2 Kh7 37. Kg1 Nf6 38. Re1 Nh8 39. Bd1 Rg6 40. Bc2 Qg7 41. Kf1 Nf7 42. Ke2
h5 43. Reg1 Qh6 44. Qe1 R8g7 45. Kd2 Kg8 46. Bd1 Kf8 47. Be2 Ke7 48. Qf2 Rg8 49.
Ng5 Nxg5 50. fxg5 Rxg5 51. Qf4 Ng4 52. h4 R5g6 53. Qxh6 Nxh6 54. Bxh5 R6g7 55.
Be2 Kf6 56. Ke1 Ke5 57. Kf2 Rf8 58. Ke1 Rfg8 59. Kf2 Nf7 60. Rh1 Rh8 61. Rgg1
Rhg8 62. Rg2 Nh6 63. Rf1 f4 64. gxf4+ Kxf4 65. Rxg7 Rxg7 66. h5 Nf5 67. Nxf5
Bxf5 68. Ke1+ Ke5 69. h6 Rg3 70. Rh1 Bh7 71. Kf2 Rc3 72. Rh5+ Kd4 73. Rg5 Rh3
74. Bh5 e3+ 75. Kg2 e2 76. Kf2 Rh2+ 77. Ke1 Kc3 78. Bxe2 Rxh6 79. Rg2 Bb1 0-1

[Event "Indonesia Open 2013"]
[Site "Jakarta INA"]
[Date "2013.10.12"]
[Round "3.7"]
[White "Hoang, Thanh Trang"]
[Black "Ehlvest, Jaan"]
[Result "1/2-1/2"]
[WhiteTitle "GM"]
[BlackTitle "GM"]
[WhiteElo "2495"]
[BlackElo "2578"]
[WhiteFideId "12400149"]
[BlackFideId "4500016"]
[EventDate "2013.10.10"]

1. d4 d5 2. Bf4 Nf6 3. e3 c6 4. Bd3 g6 5. Nf3 Bg7 6. O-O O-O 7. Nbd2 Nbd7 8. h3
b6 9. c3 Bb7 10. Qe2 a5 11. a4 Qc8 12. Rac1 c5 13. Bb5 Bc6 14. c4 Qb7 15. Ne5
Nxe5 16. Bxe5 cxd4 17. exd4 dxc4 18. Bxc6 Qxc6 19. Rxc4 Qd7 20. Rfc1 Nd5 21.
Bxg7 Kxg7 22. Nf3 f6 23. b3 Rfd8 24. Rc6 Rac8 25. Qb5 Rxc6 26. Qxc6 Qxc6 27.
Rxc6 Kf7 28. Kf1 Ke8 29. g3 Kd7 30. Rc4 g5 31. Ke2 h5 32. h4 g4 33. Nd2 e6 34.
Nf1 f5 35. Rc1 Re8 36. Ne3 f4 37. Nc4 Ke7 38. Ne5 Kf6 39. Rc6 Rd8 40. Nc4 Kf7
41. Nxb6 f3+ 42. Kd2 Nxb6 43. Rxb6 Rxd4+ 44. Ke3 Rd5 45. b4 axb4 46. Rxb4 Re5+
47. Re4 Rd5 48. Rc4 Re5+ 49. Re4 Rd5 50. Rc4 1/2-1/2

[Event "Indonesia Open 2013"]
[Site "Jakarta INA"]
[Date "2013.10.12"]
[Round "3.8"]
[White "Grigoryan, Avetik"]
[Black "Novita, Anjas"]
[Result "1-0"]
[WhiteTitle "GM"]
[BlackTitle "FM"]
[WhiteElo "2577"]
[BlackElo "2328"]
[WhiteFideId "13302191"]
[BlackFideId "7100949"]
[EventDate "2013.10.10"]

1. d4 Nf6 2. Nf3 d6 3. c4 Bg4 4. e3 Nc6 5. h3 Bh5 6. Nc3 e5 7. d5 Nb8 8. Be2
Nbd7 9. O-O Be7 10. b3 h6 11. Bb2 a5 12. a3 O-O 13. b4 Bg6 14. Nd2 Nh7 15. Nb3
b6 16. bxa5 bxa5 17. a4 f5 18. Nb5 f4 19. exf4 Rxf4 20. Bc3 Ng5 21. Nxa5 Nc5 22.
Nc6 Qd7 23. Bd2 Rf7 24. Bg4 Bf5 25. a5 Nge4 26. Bxf5 Rxf5 27. Nxe7+ Qxe7 28. Be3
Qf7 29. Qc2 Ng5 30. Ra3 Na6 31. Bxg5 Rxg5 32. Re1 Rf8 33. Ree3 Qh5 34. Nc3 Rgf5
35. Ne4 Rf4 36. f3 Qg6 37. Qd3 R8f5 38. Kh2 Nb4 39. Qb3 Na6 40. Qb5 Nc5 41. a6
Nxe4 42. fxe4 Rg5 43. Rg3 Qxe4 44. a7 Rf2 45. Rxg5 hxg5 46. Qe8+ 1-0

[Event "Indonesia Open 2013"]
[Site "Jakarta INA"]
[Date "2013.10.12"]
[Round "3.9"]
[White "Iturrizaga, Eduardo"]
[Black "Gopal, G.N."]
[Result "1-0"]
[WhiteTitle "GM"]
[BlackTitle "GM"]
[WhiteElo "2658"]
[BlackElo "2527"]
[WhiteFideId "3901211"]
[BlackFideId "5015693"]
[EventDate "2013.10.10"]

1. Nf3 Nf6 2. c4 c5 3. Nc3 d5 4. g3 Nc6 5. d4 cxd4 6. Nxd4 dxc4 7. Nxc6 Qxd1+ 8.
Nxd1 bxc6 9. Bg2 Nd5 10. Ne3 e6 11. Nxc4 Ba6 12. Na5 c5 13. Bd2 Rc8 14. O-O Be7
15. Bf3 O-O 16. b3 Rc7 17. Rac1 h6 18. Rfd1 Rfc8 19. Nc4 Bxc4 20. bxc4 Nb6 21.
Bf4 Rd7 22. Rxd7 Nxd7 23. Bb7 Rf8 24. Rd1 Nb6 25. Ba6 f5 26. Rd3 Kf7 27. Bc7 Na8
28. Be5 Nb6 29. Kf1 g5 30. Ke1 h5 31. Bb5 a6 32. Bxa6 Ra8 33. Bb5 Rxa2 34. Bc7
Na4 35. Kf1 Nb2 36. Rd2 Bf6 37. Rd7+ Kg6 38. Rd6 Ra1+ 39. Kg2 Kf7 40. Rb6 Rc1
41. Rb7 Kg6 42. Be8+ Kh6 43. Bd6 Bg7 44. h4 Nxc4 45. hxg5+ Kh7 46. Bf8 Kg8 47.
Bxg7 Nd6 48. Bb2 Rb1 49. Rb8 Nxe8 50. Rxe8+ Kf7 51. Rb8 c4 52. Rb7+ 1-0

[Event "Indonesia Open 2013"]
[Site "Jakarta INA"]
[Date "2013.10.12"]
[Round "3.10"]
[White "Sokolov, Ivan"]
[Black "Khusnutdinov, Rustam"]
[Result "1/2-1/2"]
[WhiteTitle "GM"]
[BlackTitle "GM"]
[WhiteElo "2636"]
[BlackElo "2509"]
[WhiteFideId "14400030"]
[BlackFideId "13701703"]
[EventDate "2013.10.10"]

1. d4 Nf6 2. c4 g6 3. Nc3 d5 4. cxd5 Nxd5 5. Bd2 Nb6 6. Nf3 Bg7 7. Qc1 Bg4 8.
Bh6 O-O 9. Bxg7 Kxg7 10. Qf4 Bxf3 11. Qxf3 Nc6 12. e3 e5 13. dxe5 Nd7 14. O-O-O
Qe7 15. Qh3 Rad8 16. f4 f6 17. Ne4 Kh8 18. Bc4 fxe5 19. Ng5 Nf6 20. Qe6 Rde8 21.
Qxe7 Rxe7 22. h3 exf4 23. exf4 Nh5 24. Rhf1 Rxf4 25. Bd5 Nb4 26. Bxb7 Nxa2+ 27.
Kb1 Nb4 28. Bf3 h6 29. Ne4 Nf6 30. Nc3 Rf5 31. Rd8+ Kg7 32. Rfd1 h5 33. R8d4 c5
34. Rc4 Nd7 35. Nb5 Rfe5 36. Rcc1 Nf6 37. Nd6 Rd7 38. g4 hxg4 39. Bxg4 Rde7 40.
Bf3 Re3 41. Rf1 Nd3 42. Rcd1 Ne5 43. Bg2 Re2 44. Rg1 Rd7 45. Bf1 Rh2 46. Bb5 Rc7
47. Rdf1 a6 48. Ba4 Ra7 49. Rg5 Re2 50. Nf5+ Kf7 51. Ng3 Re3 52. Bc2 Nf3 53.
Bxg6+ Kf8 54. Rf5 Nd2+ 55. Kc2 Nxf1 56. Rxf6+ Kg7 57. Nh5+ Kh6 58. Bf7+ Kg5 59.
Rxf1 Ree7 60. h4+ Kxh4 61. Rh1+ Kg5 62. Bc4 Re4 63. b3 Rg4 64. Rh2 Rh7 65. Bxa6
Ra7 66. Be2 Rg1 67. Rf2 Ra2+ 68. Kd3 Rb1 69. Rg2+ Kh6 70. Nf6 Rxb3+ 71. Ke4 c4
72. Ng4+ Kg5 73. Ne3+ Kh6 74. Nf5+ Kh7 75. Rh2+ Kg6 76. Bh5+ Kg5 77. Rxa2 Kxh5
78. Ne3 c3 79. Rc2 Kg5 80. Nd5 Rb2 81. Rxc3 Kg6 82. Nf4+ Kf6 83. Rc6+ Ke7 84.
Ke5 Kd7 85. Rh6 Rb1 86. Ne6 Ra1 87. Rh7+ Kc6 88. Rc7+ Kb6 89. Rc2 Rh1 90. Kd5
Rh5+ 91. Kd6 Kb5 92. Nf4 Rh1 93. Ke5 Re1+ 94. Kd4 Rh1 95. Rc5+ Kb6 96. Nd5+ Kb7
97. Rc7+ Ka6 98. Rc6+ Ka5 99. Kc4 Rh4+ 100. Kc5 Rh1 101. Rg6 Rc1+ 102. Kd4 Rh1
103. Rf6 Rg1 104. Ne3 Kb5 105. Rh6 Rg8 106. Rh1 Kc6 107. Rc1+ Kb5 108. Rc5+ Kb4
109. Nd5+ Ka4 110. Rc3 Rh8 111. Rg3 Rh1 112. Kc4 Rc1+ 113. Nc3+ Ka5 114. Rg6 Rh1
115. Ne2 Rh8 116. Rc6 Rh1 117. Nc3 Rh6 118. Rc5+ Kb6 119. Nd5+ Ka6 120. Rb5 Rc6+
121. Kb4 Ka7 122. Rc5 1/2-1/2

[Event "Indonesia Open 2013"]
[Site "Jakarta INA"]
[Date "2013.10.12"]
[Round "3.11"]
[White "Gupta, Abhijeet"]
[Black "Hossain, Enamul"]
[Result "1-0"]
[WhiteTitle "GM"]
[BlackTitle "GM"]
[WhiteElo "2593"]
[BlackElo "2445"]
[WhiteFideId "5010608"]
[BlackFideId "10200649"]
[EventDate "2013.10.10"]

1. d4 d5 2. c4 c6 3. Nf3 Nf6 4. Nc3 e6 5. g3 Nbd7 6. Bg2 dxc4 7. O-O Be7 8. e4
O-O 9. Bf4 Nh5 10. Be3 Nhf6 11. a4 a5 12. Nd2 b6 13. Nxc4 Ba6 14. b3 Rc8 15. Bf4
Nb8 16. Re1 Bb4 17. Rc1 b5 18. Ne5 bxa4 19. bxa4 Nbd7 20. Nd3 Bxd3 21. Qxd3 c5
22. d5 c4 23. Qe2 exd5 24. Red1 Bxc3 25. Rxc3 Nxe4 26. Bxe4 dxe4 27. Qxe4 Nc5
28. Qc2 Nd3 29. Rxc4 Rxc4 30. Qxc4 Nb2 31. Rxd8 Nxc4 32. Rd4 Rc8 33. Bc7 Nb2 34.
Bxa5 Ra8 35. Rb4 Nd3 36. Rb5 f6 37. f4 Rc8 38. Bb6 Rc1+ 39. Kg2 Rc2+ 40. Kf3
Rxh2 41. Ke4 Nb2 42. a5 Nc4 43. Kd5 Na3 44. Rc5 1-0

[Event "Indonesia Open 2013"]
[Site "Jakarta INA"]
[Date "2013.10.12"]
[Round "3.12"]
[White "Barbosa, Oliver"]
[Black "Juswanto, Denny"]
[Result "1-0"]
[WhiteTitle "GM"]
[BlackTitle "IM"]
[WhiteElo "2567"]
[BlackElo "2417"]
[WhiteFideId "5201640"]
[BlackFideId "7100221"]
[EventDate "2013.10.10"]

1. d4 e6 2. c4 f5 3. Nf3 Nf6 4. e3 d5 5. Bd3 c6 6. O-O Bd6 7. b3 O-O 8. Ba3 Bxa3
9. Nxa3 Qe7 10. Qc1 a5 11. Nc2 a4 12. Qa3 Qd8 13. b4 dxc4 14. Bxc4 b5 15. Be2
Qd6 16. Nce1 Na6 17. Nd3 Nd5 18. Rab1 Bd7 19. Rfc1 Be8 20. Nfe5 Ra7 21. Qb2 g5
22. Bf3 Rg7 23. a3 Nb8 24. Qc2 h5 25. Kh1 g4 26. Bxd5 exd5 27. Nf4 Rf6 28. f3
Rh7 29. Qf2 Rfh6 30. Qh4 Qe7 31. Qxe7 Rxe7 32. Rc3 Kg7 33. Kg1 Kf6 34. Kf2 Kg5
35. h3 Rhh7 36. Rh1 gxf3 37. gxf3 Kf6 38. Rg1 Rhg7 39. Nxc6 Nxc6 40. Rxc6+ 1-0

[Event "Indonesia Open 2013"]
[Site "Jakarta INA"]
[Date "2013.10.12"]
[Round "3.13"]
[White "Cherniaev, Alexander"]
[Black "Salem, A.R. Saleh"]
[Result "1/2-1/2"]
[WhiteTitle "GM"]
[BlackTitle "GM"]
[WhiteElo "2415"]
[BlackElo "2567"]
[WhiteFideId "4117301"]
[BlackFideId "9301348"]
[EventDate "2013.10.10"]

1. Nf3 Nf6 2. c4 g6 3. Nc3 Bg7 4. e4 d6 5. d4 O-O 6. Be2 Na6 7. O-O e5 8. Be3
Ng4 9. Bg5 Qe8 10. dxe5 Nxe5 11. Nd4 f6 12. Be3 f5 13. exf5 gxf5 14. Qd2 Qf7 15.
Bh6 f4 16. Bxg7 Qxg7 17. f3 Nc5 18. Rf2 Ne6 19. Rd1 Ng5 20. Kh1 c6 21. Bf1 Kh8
22. b3 Rg8 23. Nde2 Bf5 24. Ng1 Ne6 25. Qxd6 Rad8 26. Qa3 Bd3 27. Qb2 Bxf1 28.
Rxd8 Rxd8 29. Rxf1 Nd3 30. Qe2 Rg8 31. Nd1 Nd4 32. Qd2 c5 33. Nh3 Qg6 34. Nb2
Nxb2 35. Qxb2 Qd3 36. Re1 Rf8 37. Nf2 Qf5 38. b4 Qc2 39. Rb1 Qxb2 40. Rxb2 cxb4
41. Rxb4 Rc8 42. Rxb7 Rxc4 43. h4 Ra4 44. Ne4 Ra6 45. Kh2 Kg8 46. Kh3 h5 47. Rd7
Nf5 48. Rd5 Ne3 49. Rxh5 Rxa2 50. Rg5+ Kf7 51. h5 Ra1 52. Kh2 Nf1+ 53. Kh3 Ne3 1/2-1/2